000 01249nam a2200265Ia 4500
999 _c55971
_d55971
001 23070
003 GE_BSU
005 20230707104356.0
008 181216s1996||||ge |||||||||||||| ||geo||
040 _cGE_BSU
041 _ageo
080 _a821.14'01-21 ძ-49
245 _aძველი ბერძნული ტრაგედია : ესქილე, სოფოკლე, ევრიპიდე /
_cწინასიტყვ. გიორგი ხომერიკი ; მხატვ. ლადო გრიგოლია ; სარედ. საბჭო : მზია ბაქრაძე და სხვ.
264 _aთბილისი :
_bსაქართველო,
_c1996.
300 _a544 გვ. ;
_c20 სმ
490 _aმსოფლიო ლიტერატურის ბიბლიოთეკა
541 _h7 ლ.
653 _aანტიკური კულტურა
653 _aძველი ბერძნული ტრაგედია
653 _a ესქილე
653 _aსოფოკლე
653 _aევრიპიდე
700 _aგრიგოლია, ლადო
_eმხატვარი
_916464
942 _cBK
_2udc